000 01063nam0a22002891 4500
001 v19\rc\1744570
005 20250619060621.0
035 _a(NLR Aleph) 004850638
090 _a4917447
_c4917447
100 _a20061204d1903 |||y0rusy50 ca
101 0 _arus
102 _aRU
105 _aa z |||||
200 1 _aСтатика сооружений
_eРасчет сквоз. ферм
_fПроф. С.К. Куницкий
_gИн-т инж. пут. сообщ. ...
205 _a4-е изд.
210 _aСанкт-Петербург
_cСтуд. б-ка
_d1903
215 _a157 с.
_cчерт.
_d28
309 _aНаписано от руки. Литогр.
700 1 _7ca
_8rus
_aКуницкий
_bС. К.
_cд-р инженерных наук, ж. д.
_f1859–1924
_gСтанислав Константинович
_9206795
_3RU\NLR\AUTH\770206847
801 0 _aRU
_bNLR
_gpsbo
801 0 _aRU
_bRuMoRGB
_2psbo
801 1 _aRU
_bProSoft-M
_2rusmarc
852 _aNLR
_j38.9.4.6
899 _aRuMoRGB
_jA 276/139
899 _aБАН
942 _cBOOK
980 _aNB